Research on social policy: proposals for a future agenda
Bewaard in:
| Hoofdauteur: | |
|---|---|
| Formaat: | Boek |
| Taal: | Engels |
| Gepubliceerd in: |
Ottawa
International Development Research Center
1993
|
| Onderwerpen: | |
| Tags: |
Voeg label toe
Geen labels, Wees de eerste die dit record labelt!
|
MARC
| LEADER | 00000nam a2200000 a 4500 | ||
|---|---|---|---|
| 001 | UCT4795 | ||
| 003 | CL-VaPUC | ||
| 008 | 961122e19930000CN |||||||||||||||||eng|d | ||
| 082 | 0 | 4 | |a 361.613 |b TOR |2 21 |
| 100 | 0 | |a Torres, Mario |e author |9 374057 | |
| 245 | 1 | 0 | |a Research on social policy: proposals for a future agenda |
| 300 | |a 191 p | ||
| 942 | |c BK | ||
| 945 | |d 19961122 00:00:00 |a nastorga | ||
| 260 | |a Ottawa |b International Development Research Center |c 1993 | ||
| 650 | 0 | |a Políticas sociales |9 358116 | |
| 650 | 0 | |a Desarrollo económico |9 259599 | |
| 650 | 0 | |a Democracia |9 255256 | |
| 650 | 0 | |a Gobierno |9 255508 | |
| 650 | 0 | |a Investigación |9 257811 | |
| 651 | 0 | |a América Latina |9 255027 | |
| 583 | |a last modification |c 19961122 00:00:00 |k Rodrigo Vera | ||
| 999 | |c 253947 |d 253945 | ||
| 952 | |0 0 |1 0 |4 0 |6 361_613000000000000_TOR_1993 |7 0 |8 A |9 275162 |a BIBENE |b BIBENE |d 2019-11-19 |i 3250628 |o 361.613 TOR 1993 |p 3250628 |r 2025-01-15 |w 2019-11-19 |y BK |k ICO | ||